| 000 | ncm a22 a 4500 | ||
|---|---|---|---|
| 999 |
_c354714 _d354714 |
||
| 003 | BLK | ||
| 005 | 20200415094032.0 | ||
| 008 | 200401b bu ||||| |||| 00| 0 bu d | ||
| 040 | _aBLK | ||
| 041 |
_aRUS _cRUS |
||
| 080 |
_aМузика за акордеон _b786.8 _z786.8 |
||
| 100 |
_9406 _aЧайкин, Николай Яковлевич _eавт. на том |
||
| 139 |
_aСовременные танцы _bС 49 |
||
| 245 |
_aСовременные танцы _bВ переложении для баяна (аккордеона) : Вып. 1 - _cНиколай Яковлевич Чайкин. _nВып. 6 _pЛипси |
||
| 260 |
_9402764 _aМосква _bМузыка _c1964 |
||
| 300 | _c28 см | ||
| 380 | _a7 | ||
| 650 | 7 |
_9146646 _aАкордеон |
|
| 653 | 7 |
_9195905 _aруски песни |
|
| 653 | 0 |
_9403257 _aруска танцова музика |
|
| 760 |
_dМосква _h5 с. : ноти _oВып. 6 _aЧайкин, Николай Яковлевич _tЛипси |
||
| 852 |
_aЦб М ІІ 3635 _bЦб |
||
| 942 |
_2udc _cNOT _n0 _s1 |
||
| 944 |
_aCR _c2020-04-01 _kТД |
||
| 999 | _d354706 | ||
| 999 | _d354706 | ||
| 999 | _d350515 | ||